LEADER 01500nam2 2200277 i 450 001 VAN0043979 005 20221122125441.354 100 $a20060410d1946 |0itac50 ba 101 $aita 102 $aIT 105 $a|||| ||||| 200 1 $aˆ6: ‰Delitti contro il sentimento religioso e la pietà dei defunti, delitti contro l'ordine pubblico e l'incolumità pubblica, delitti contro l'ordine pubblico e l'incolumità pubblica, delitti contro la fede pubblica$fVincenzo Manzini 205 $aNuova ed. completamente aggiornata 210 $aTorino$cUtet$d1946 215 $aXIX, 941 p.$d24 cm 461 1$1001VAN0043207$12001 $aTrattato di diritto penale italiano$fVincenzo Manzini$1210 $aTorino$cUTET$1215 $av.$d24 cm.$v6 606 $aPaesi della Comunità europea$xConvenzioni$3VANC000006$2FI 620 $dTorino$3VANL000001 700 1$aManzini$bVincenzo$3VANV003213$0224785 712 $aUTET$3VANV107949$4650 801 $aIT$bSOL$c20221125$gRICA 899 $aBIBLIOTECA DEL DIPARTIMENTO DI GIURISPRUDENZA$1IT-CE0105$2VAN00 912 $aVAN0043979 950 $aBIBLIOTECA DEL DIPARTIMENTO DI GIURISPRUDENZA$d00CONS XIV.D.40 $e00FP 28753 20061129 Fondo Raffaele Papa 996 $aDelitti contro il sentimento religioso e la pietà dei defunti, delitti contro l'ordine pubblico e l'incolumità pubblica, delitti contro l'ordine pubblico e l'incolumità pubblica, delitti contro la fede pubblica$91403510 997 $aUNISOB